000 00636 a2200217 4500
001 TB12356
003 IN-BhIIT
005 20250402154358.0
008 250402b |||||||| |||| 00| 0 eng d
020 _a9788195099306 (pbk.)
040 _aIN-BhIIT
041 _aeng
082 _a624.151
_bBAN/P
100 _aBangar, K.M
_eAuthor
_925939
245 _aPrincipals of engineering geology /
_cby K.M. Bangar
260 _aDelhi :
_bStandard Publishers Distributors,
_c2024.
300 _axi, 451 p. :
_bill. ;
_c24 cm.
504 _aIncludes bibliographical references and index
650 _aGeotechnical Engineering
942 _cTB
999 _c14845
_d14845